000 01723nam0a22002891 4500
001 rc\4641562
005 20130416201431.5
021 _aRU
_b[61-12121]
035 _a(NLR Aleph) 008685704
090 _a9206964
_c9206964
100 _a20130416d1961 |||y0rusy50 ca
101 0 _arus
102 _aRU
105 _aa z |||||
200 1 _aСелекция плодовых и ягодных культур на ежегодную урожайность и зимостойкость
_e[Материалы науч.-метод. совещания]
_fПод общ. ред. д-ра с.-х. наук проф. Г.К. Карпова
_gВсесоюз. ордена Ленина акад. с.-х. наук им. В.И. Ленина. Центр. генетич. лаборатория им. И.В. Мичурина
210 _aМосква
_cИзд-во М-ва сел. хозяйства СССР
_d1961
215 _a339 с.
_cил.
_d23
606 _aПлодовые культуры
_xСелекция
_jСборники
_2psbo
606 _aЯгодные культуры
_xСелекция
_jСборники
_2psbo
702 1 _aКарпов
_bГ. К.
_gГригорий Карпович
_4340
712 0 2 _aЦентральная генетическая лаборатория им. И.В.Мичурина
_cМичуринск
_3RU\NLR\AUTH\889918175
712 1 2 _aНаучно-методическое совещание по селекции плодовых растений на зимостойкость и ежегодную урожайность
_f1959
_eМичуринск
_3RU\NLR\AUTH\8810104623
801 0 _aRU
_bNLR
_gpsbo
801 1 _aRU
_bELAR
_2rusmarc
852 _aNLR
_j61-5/967
942 _cBOOK
980 _aNB